000
00289cam a2200109ua 4500
082
_a
621.312133
_b
MCC/DI
100
_a
McCrone, A.K.L .
_9
1521
245
_a
Diesel Plant Operator`s Handbook /
260
_a
London :
_b
Sir Isaac Pitman & Sons Ltd ,
_c
1958.
300
_a
215 ; .
942
_c
REF
999
_c
7195
_d
7195